200 tips últimas tendencias en iluminación / (Record no. 13539)

MARC details
000 -CABECERA
campo de control de longitud fija 00917nam a2200265 4500
003 - IDENTIFICADOR DEL NÚMERO DE CONTROL
campo de control MX-MxINE
005 - FECHA Y HORA DE LA ÚLTIMA TRANSACCIÓN
campo de control 20260530115315.0
008 - DATOS DE LONGITUD FIJA--INFORMACIÓN GENERAL
campo de control de longitud fija 260504b2014 mx a|||| |||| 00| 0 SPA d
020 ## - NÚMERO INTERNACIONAL ESTÁNDAR DEL LIBRO
Número Internacional Estándar del Libro 9786076181232
040 ## - FUENTE DE LA CATALOGACIÓN
Centro catalogador/agencia de origen ICI
Lengua de catalogación spa
Centro/agencia transcriptor ICI
Normas de descripción rda
041 ## - CÓDIGO DE LENGUA
Código de lengua del texto/banda sonora o título independiente spa
050 #4 - SIGNATURA TOPOGRÁFICA DE LA BIBLIOTECA DEL CONGRESO
Número de clasificación NK2115
Número de documento/Ítem G87 2014
100 #1 - ENTRADA PRINCIPAL--NOMBRE DE PERSONA
Nombre de persona Gutiérrez, Manel Couto,
Término indicativo de función/relación autor
9 (RLIN) 33445
245 10 - MENCIÓN DE TÍTULO
Título 200 tips últimas tendencias en iluminación /
Mención de responsabilidad, etc. [textos, Manel Gutierrez]
246 30 - FORMA VARIANTE DE TÍTULO
Título propio/Titulo breve Doscientos tips últimas tendencias en iluminación
264 #1 - PRODUCCIÓN, PUBLICACIÓN, DISTRIBUCIÓN, FABRICACIÓN Y COPYRIGHT
Producción, publicación, distribución, fabricación y copyright Naucalpan, Edo. de México :
Nombre del de productor, editor, distribuidor, fabricante Advanced Marketing,
Fecha de producción, publicación, distribución, fabricación o copyright 2014
300 ## - DESCRIPCIÓN FÍSICA
Extensión 255 páginas :
Otras características físicas ilustraciones
336 ## - TIPO DE CONTENIDO
Fuente rdacontent
Término de tipo de contenido texto
337 ## - TIPO DE MEDIO
Fuente rdamedia
Nombre/término del tipo de medio sin medio
338 ## - TIPO DE SOPORTE
Fuente rdacarrier
Nombre/término del tipo de soporte volumen
500 ## - NOTA GENERAL
Nota general "Numen arte a través del tiempo"
650 #4 - PUNTO DE ACCESO ADICIONAL DE MATERIA--TÉRMINO DE MATERIA
Término de materia o nombre geográfico como elemento de entrada Iluminación de interiores
Subdivisión general Diseño
9 (RLIN) 33446
650 #4 - PUNTO DE ACCESO ADICIONAL DE MATERIA--TÉRMINO DE MATERIA
Término de materia o nombre geográfico como elemento de entrada Decoración de interiores
Subdivisión cronológica Siglo XX
9 (RLIN) 33447
942 ## - ELEMENTOS DE PUNTO DE ACCESO ADICIONAL (KOHA)
Fuente del sistema de clasificación o colocación Library of Congress Classification
Suprimir en OPAC 1
Tipo de ítem Koha

No items available.